Demonstrations in acoustics

Saved in:
Bibliographic Details
Main Author: Richard E. Berg
Format: Book
Language:Undetermined
Published: New Jersey Univ. of Maryland
Subjects:
Tags: Add Tag
No Tags, Be the first to tag this record!
Institutions: Trung tâm Học liệu Trường Đại học Cần Thơ
LEADER 00463nam a2200169Ia 4500
001 CTU_57213
008 210402s9999 xx 000 0 und d
082 |a 534 
082 |b B493/T2 
100 |a Richard E. Berg 
245 0 |a Demonstrations in acoustics 
245 0 |c Richard E. Berg 
260 |a New Jersey 
260 |b Univ. of Maryland 
650 |a sound,music 
650 |x acoustics and physics 
980 |a Trung tâm Học liệu Trường Đại học Cần Thơ